Les Grandes Batailles de l'Histoire #3 - Statistiques

Statistiques générales
  • Ce quiz a été pris 124 fois
  • Le résultat moyen est 3 sur 7
Statistiques - réponses
Question Réponse % Correct
Bataille au cours de laquelle Guillaume le Conquérant devient Roi d'Angleterre. Hastings
91%
Victoire célèbre des Grecs sur les Perses,au Vème Siècle avant J-C. Marathon
63%
Bataille surnommée "La Bataille des Trois Empereurs". Austerlitz
59%
Bataille entraînant la mort de Cléopâtre VII. Actium
40%
Une des victoires les plus importantes remportées par Jeanne d'Arc lors de sa Chevauchée vers Reims,en 1429. Patay
21%
Bataille ayant eue lieu peu de temps avant celle de Bouvines,remportée par le fils de Philippe Auguste,le futur Louis VIII. La Roche-aux-Moines
10%
Bataille mettant fin à la Guerre Folle,en 1488. Saint-Aubin-du-Cormier
4%
Aucun quiz correspondant
Distribution des résultats
% des personnes avec chaque résultat
Percentile par nombre de réponses
Votre historique - résultats
Vous n’avez pas pris ce quiz